000 02047nam0a2200313 4500
001 RU\NLR\BIBL_A\012073254
005 20190829152952.0
010 _a978-5-7408-0255-8
_9150
021 _aRU
_bКН-П-19-051351
_9КН-П-19-3715
035 _a(NLR Aleph) 012073254
035 _a(RuMoRGB)010036755
090 _a11766831
_c11766831
100 _a20190812d2019 k y0rusy50 ca
101 0 _arus
102 _aRU
105 _aa|||z|||010zy
200 1 _aОсновы теории дизайна массовых легковых автомобилей
_eмонография
_eпосвящается 50-летнему юбилею Уральской школы дизайна (кафедра индустриального дизайна УрГАХУ)
_fС.А. Зайцев, Е.А. Вязникова
_gМинистерство науки и высшего образования Российской Федерации, Федеральное государственное бюджетное образовательное учреждение высшего образования "Уральский государственный архитектурно-художественный университет" (УрГАХУ)
210 _aЕкатеринбург
_cАрхитектон
_d2019
215 _a165 с.
_cил., табл.
_d29
320 _aБиблиогр.: с. 133-135 (93 назв.)
606 1 _aЛегковые автомобили иностранных марок
_xХудожественное конструирование
_92562752
_3RU\NLR\AUTH\661515893
686 1 _aЩ129.6
700 1 _7ca
_8rus
_aЗайцев
_bС. А.
_cпедагог, промышленное искусство
_gСергей Артемович
_9101652
_3RU\NLR\AUTH\77118727
701 1 _aВязникова
_bЕ. А.
_f1937-
_gЕлена Александровна
942 _cBOOK
980 _aNBR
980 _aNB